Trouve le pays frontalier - Statistiques

Statistiques générales
  • Ce quiz a été pris 64 fois
  • Le résultat moyen est 13 sur 15
Statistiques - réponses
Question Réponse % Correct
Etats-unis Mexique
95%
Monaco France
92%
Indonésie Malaisie
92%
Bresil Argentine
90%
République Tchèque Slovaquie
90%
Australie Aucun
88%
Russie Géorgie
88%
Algérie Maroc
87%
Haïti République Dominicaine
85%
Mongolie Chine
83%
France Suriname
83%
Danemark Allemagne
78%
Chine Afghanistan
77%
Italie Slovénie
75%
Panama Colombie
55%
Aucun quiz correspondant
Distribution des résultats
% des personnes avec chaque résultat
Percentile par nombre de réponses
Votre historique - résultats
Vous n’avez pas pris ce quiz